Southville International School and Colleges
Your cart is empty.
  • Cart
  • Lists
    Public lists Eva Luna New books Lux_list list_1
    Your lists Log in to create your own lists
  • Log in to your account
  • Your cookies
  • Search history
Southville International School and Colleges
  • Advanced search
  • Recent comments
  • Most popular
  • Libraries

Log in to your account

Log in with GOOGLE


If you do not have an external account, but do have a local account, you can still log in:

  1. Home
  2. MARC view: A private sphere :
Normal view MARC view ISBD view

A private sphere : (Record no. 24453)

[ view plain ]
MARC details
000 -LEADER
fixed length control field 00613nam a2200205 a 4500
005 - DATE AND TIME OF LATEST TRANSACTION
control field 20140310183523.0
008 - FIXED-LENGTH DATA ELEMENTS--GENERAL INFORMATION
fixed length control field 111110s19uu xx 00 eng d
020 ## - INTERNATIONAL STANDARD BOOK NUMBER
International Standard Book Number 9780745645254
050 ## - LIBRARY OF CONGRESS CALL NUMBER
Classification number HM 851
Item number .P35 2010
100 ## - MAIN ENTRY--PERSONAL NAME
Personal name Papacharissi, Zizi A.
245 ## - TITLE STATEMENT
Title A private sphere :
Remainder of title democracy in a digital age /
Statement of responsibility, etc Zizi A. Papacharissi.
260 ## - PUBLICATION, DISTRIBUTION, ETC. (IMPRINT)
Place of publication, distribution, etc Cambridge :
Name of publisher, distributor, etc Polity,
Date of publication, distribution, etc 2010.
300 ## - PHYSICAL DESCRIPTION
Extent 200 p. :
Dimensions 22 cm.
521 ## - TARGET AUDIENCE NOTE
Target audience note
650 ## - SUBJECT ADDED ENTRY--TOPICAL TERM
Topical term or geographic name as entry element Democracy
650 ## - SUBJECT ADDED ENTRY--TOPICAL TERM
Topical term or geographic name as entry element Internet
General subdivision Political aspects
650 ## - SUBJECT ADDED ENTRY--TOPICAL TERM
Topical term or geographic name as entry element Political participation
General subdivision Computer network resources
942 ## - ADDED ENTRY ELEMENTS (KOHA)
Koha item type Books
Source of classification or shelving scheme Library of Congress Classification
Call number prefix Foreign
Holdings
Withdrawn status Lost status Source of classification or shelving scheme Damaged status Home library Current library Shelving location Date acquired Source of acquisition Cost, normal purchase price Total Checkouts Total Renewals Full call number Barcode Date last seen Date checked out Copy number Price effective from Koha item type
    Library of Congress Classification   College Library College Library General Circulation Section 11/10/2011 Donation 1492.00 1 3 HM 851 .P35 2010 C12451 05/15/2018 01/26/2016 1 10/18/2013 Books

A private sphere :

APA

Papacharissi Z. A., . (2010). A private sphere. Cambridge: Polity.

Chicago

Papacharissi Zizi A, . 2010. A private sphere. Cambridge: Polity.

Harvard

Papacharissi Z. A., . (2010). A private sphere. Cambridge: Polity.

MLA

Papacharissi Zizi A, . A private sphere. Cambridge: Polity. 2010.

  • Place hold
  • Print
  • Cite
  • Add to your cart (remove)
  • Save record
    BIBTEX Dublin Core MARCXML MARC (non-Unicode/MARC-8) MARC (Unicode/UTF-8) MARC (Unicode/UTF-8, Standard) MODS (XML) RIS
  • More searches
    Search for this title in:
    Other Libraries (WorldCat) Other Databases (Google Scholar) Online Stores (Bookfinder.com) Open Library (openlibrary.org)

Exporting to Dublin Core...

SOUTHVILLE LIBRARY

Southville International School and Colleges Library

1281 Tropical Ave. Cor. Luxembourg St., BF Homes International, Las Pinas City

Tel. No. 8256374 / 252358 Loc. 117/146

Powered by Koha